Normal view
MARC view
Entry Topical Term
001 - CONTROL NUMBER
- control field: 18654
003 - CONTROL NUMBER IDENTIFIER
- control field: ARRUPE
005 - DATE AND TIME OF LATEST TRANSACTION
- control field: 20150818151558.0
008 - FIXED-LENGTH DATA ELEMENTS
- fixed length control field: 150818|| aca||aabn | a|a d
040 ## - CATALOGING SOURCE
- Original cataloging agency: ARRUPE
- Transcribing agency: ARRUPE
150 ## - HEADING--TOPICAL TERM
- Topical term or geographic name as entry element: Ecology, Human
670 ## - SOURCE DATA FOUND
- Source citation: Work cat.: (ARRUPE)0: Francis, Pope. 18652, Laudato si' /, 2015